[Event "TIPC 2016"]
[Site "Roux"]
[Date "2016.07.31"]
[Round "2.13"]
[White "Dallemagne, Maximilien"]
[Black "Sclacmender, Julien"]
[Result "0-1"]
[BlackElo "2201"]
[WhiteElo "1813"]
[LiveChessVersion "1.4.6"]

1. d4 Nf6 2. Nf3 e6 3. e3 b6 4. Bd3 Bb7 5. Nbd2 Be7 6. O-O O-O 7. e4 c5 8. e5 Nd5
9. c3 cxd4 10. cxd4 d6 11. Ne4 dxe5 12. dxe5 Nb4 13. Bb1 Qxd1 14. Rxd1 N8a6 15.
a3 Rfd8 16. Rd2 Rac8 17. Nc3 Nd5 18. Be4 Nc5 19. Nxd5 Bxd5 20. Bxd5 exd5 21. Rd1
Nb3 22. Rb1 Rc4 23. Be3 d4 24. Rd3 dxe3 25. Rxb3 exf2+ 26. Kxf2 Rc2+ 27. Kg3 Bc5
28. Rf1 h6 29. h4 Rd5 30. Kh3 a5 31. Re1 a4 32. Rb5 Rd3 33. b4 axb3 34. Rb1 Ra2
35. R5xb3 Rxb3 36. Rxb3 Rxa3 37. Rb1 Kf8 38. Kg4 Ke7 39. Kf5 Ra4 40. h5 Be3 41.
g3 Bf2 42. Nd2 Bxg3 43. Ne4 g6+ 44. hxg6 fxg6+ 45. Kxg6 Rxe4 46. Rxb6 Bxe5 47.
Kxh6 Rg4 48. Rg6 Rd4 49. Kg5 Kf7 50. Ra6 Bd6 51. Kf5 Rd5+ 52. Ke4 Ke6 53. Ra8 Rh5
54. Re8+ Be7 55. Kd4 Rh4+ 56. Kd3 Kd6 57. Rg8 Kd5 58. Ke3 Bd6 59. Rg5+ Be5 60.
Kf3 Rh3+ 61. Kg4 Rb3 62. Rh5 Ke4 63. Kg5 Rg3+ 64. Kh4 Rg1 65. Kh3 Kf3 66. Rf5+
Bf4 0-1

[Event "TIPC 2016"]
[Site "Roux"]
[Date "2016.07.31"]
[Round "2.14"]
[White "Hautot, Stéphane"]
[Black "Van Den Bosch, Arno"]
[Result "1-0"]
[BlackElo "1932"]
[WhiteElo "2402"]
[LiveChessVersion "1.4.6"]

1. e4 c5 2. Nf3 d6 3. d4 cxd4 4. Nxd4 Nf6 5. Nc3 g6 6. Be3 Bg7 7. f3 Nc6 8. Qd2
O-O 9. O-O-O d5 10. Kb1 e6 11. Nxc6 bxc6 12. Bh6 Rb8 13. h4 Bxh6 14. Qxh6 Qa5 15.
Qd2 Qb4 16. b3 dxe4 17. h5 Rb7 18. fxe4 Nxe4 19. Nxe4 Qxe4 20. Bd3 Qg4 21. Rdf1
e5 22. hxg6 fxg6 23. Rxf8+ Kxf8 24. Qc3 Qxg2 25. Rf1+ Bf5 26. Qxe5 Qd5 27. Qf6+
Rf7 28. Qh8+ Ke7 29. Bc4 Qe4 30. Qc3 Qxc2+ 31. Qxc2 Bxc2+ 32. Kxc2 Rxf1 33. Bxf1
1-0

[Event "TIPC 2016"]
[Site "Roux"]
[Date "2016.07.31"]
[Round "2.15"]
[White "Thirion, Marcel"]
[Black "Paul, Bernard"]
[Result "1-0"]
[BlackElo "1889"]
[WhiteElo "2125"]
[LiveChessVersion "1.4.6"]

1. d4 Nf6 2. c4 c5 3. d5 b5 4. cxb5 a6 5. bxa6 g6 6. Nc3 Bxa6 7. e4 Bxf1 8. Kxf1
d6 9. g3 Bg7 10. Kg2 O-O 11. Nf3 Nbd7 12. a4 Ne8 13. Qe2 Nc7 14. Bf4 Qb8 15. Rhb1
Qb6 16. e5 Rfe8 17. Re1 Rab8 18. Qc4 dxe5 19. Nxe5 Nxe5 20. Bxe5 Bxe5 21. Rxe5
Qd6 22. Re2 Rb4 23. Qd3 Rd4 24. Qf3 c4 25. a5 Qc5 26. a6 Rd3 27. Qe4 Rd4 28. Qe3
Nxd5 29. Nxd5 Qxd5+ 30. Qf3 Qxf3+ 31. Kxf3 e6 32. a7 Ra8 33. Re5 Rd7 34. Rea5 Kf8
35. h4 h5 36. R1a2 Ke7 37. R2a4 Rc7 38. Ke4 c3 39. bxc3 Rxc3 40. f3 Rc7 41. Kf4
Kf6 42. g4 hxg4 43. fxg4 Re7 44. h5 e5+ 45. Ke4 Kg7 46. Ra6 Kh7 47. hxg6+ fxg6
48. g5 Kg7 49. Ra2 Kh7 50. Ra1 Kg7 51. R6a2 Kg8 52. Kd5 e4 53. Kd6 Rf7 54. Kc6
Re7 55. Kb6 e3 56. Re2 Kg7 57. Ra3 1-0

[Event "TIPC 2016"]
[Site "Roux"]
[Date "2016.08.01"]
[Round "3.1"]
[White "Gurevich, Mikhail"]
[Black "Fontaine, Quentin"]
[Result "1/2-1/2"]
[BlackElo "2238"]
[WhiteElo "2561"]
[LiveChessVersion "1.4.6"]

1. c4  g6  2. Nc3  Bg7
 3. g3  c5  4. Bg2
 Nc6  5. d3  e6 
6. e4  Nge7  7. Nge2  d6
 8. Rb1  Nd4  9. a3
 Nec6  10. b4  Rb8
 11. O-O  O-O  12. Bf4
 Nxe2+  13. Nxe2  b6
 14. Qa4  Qd7  15. bxc5
 e5  16. Be3  dxc5
 17. Nc3  Nd4  18. Qxd7
 Bxd7  19. Rb2  Rb7
 20. Rfb1  Rfb8  21. h4
 Bc6  22. a4  Bf8
 23. f4  Bd6  24. Bh3
 a6  25. Kf2  b5 
26. axb5  axb5  27. cxb5  Nxb5
 28. Na4  exf4  29. Bxf4
 Bxf4  30. gxf4  c4
 31. Nc5  c3  32. Rc2
 Nd4  33. Rxb7  Rxb7
 34. Rxc3  Rb2+  35. Ke3
 Nc2+  36. Kd2  Nd4+
 37. Ke3  Nc2+  38. Kd2
 Nd4+  39. Ke3  Nc2+ 1/2-1/2

[Event "TIPC 2016"]
[Site "Roux"]
[Date "2016.08.01"]
[Round "3.2"]
[White "Vanderwaeren, Serge"]
[Black "Sumets, Andrey"]
[Result "0-1"]
[BlackElo "2551"]
[WhiteElo "2208"]
[LiveChessVersion "1.4.6"]

1. c4  e6  2. Nf3  Nf6
 3. g3  a6  4. Bg2
 b5  5. b3  Bb7 
6. Nc3  b4  7. Na4  c5
 8. Bb2  d6  9. O-O
 Nbd7  10. d4  Qc7
 11. e3  Be7  12. Rc1
 O-O  13. Nd2  Bxg2
 14. Kxg2  Rfd8  15. Qf3
 Rac8  16. e4  cxd4
 17. Bxd4  Nc5  18. Bxc5
 dxc5  19. Qe2  Qb7
 20. f3  Nd7  21. Nb2
 Ne5  22. Rfe1  Nc6
 23. Nf1  Nd4  24. Qf2
 Rd7  25. Rcd1  Rcd8
 26. Rd3  Bg5  27. h4
 Bh6  28. Red1  g6
 29. Nh2  f5  30. exf5
 gxf5  31. Nf1  Kh8
 32. Kh3  Qc6  33. f4
 Rg8  34. Nh2  e5
 35. fxe5  Qe6  36. Kg2
 Rdg7  37. Re1  f4
 38. g4  Rxg4+  39. Nxg4
 Qxg4+  40. Kh1  f3
 41. Rg1  Qh3+  42. Qh2
 Rxg1+  43. Kxg1  Ne2+ 0-1

[Event "TIPC 2016"]
[Site "Roux"]
[Date "2016.08.01"]
[Round "3.3"]
[White "Miezis, Normunds"]
[Black "Cappon, John"]
[Result "1-0"]
[BlackElo "2229"]
[WhiteElo "2498"]
[LiveChessVersion "1.4.6"]

1. c4  e5  2. g3  Nc6
 3. Bg2  Bc5  4. Nc3
 a6  5. e3  d6 
6. d3  Nge7  7. Nge2  O-O
 8. O-O  f6  9. b3
 Qe8  10. Bb2  Bg4
 11. h3  Bd7  12. Kh2
 Qg6  13. Qd2  Qh6
 14. Rad1  Ba7  15. d4
 Rae8  16. Nd5  Nxd5
 17. cxd5  Ne7  18. e4
 g5  19. f4  Bxh3
 20. fxg5  fxg5  21. Bxh3
 Qh5  22. Ng1  exd4
 23. Qe2  Qxe2+  24. Nxe2
 Nxd5  25. Rxf8+  Kxf8
 26. Nxd4  Ne3  27. Rd3
 g4  28. Rxe3  gxh3
 29. Kxh3  Re5  30. Rf3+
 Ke8  31. Rf4  Ra5
 32. a4  Rc5  33. Rh4
 h5  34. Rf4  b5 
35. axb5  axb5  36. Ba3  Rg5
 37. Ne6  Rg6  38. Nxc7+
 1-0

[Event "TIPC 2016"]
[Site "Roux"]
[Date "2016.08.01"]
[Round "3.4"]
[White "Sclacmender, Julien"]
[Black "Okhotnik, Vladimir"]
[Result "1/2-1/2"]
[BlackElo "2454"]
[WhiteElo "2201"]
[LiveChessVersion "1.4.6"]

1. e4  d6  2. d4  Nf6
 3. Nc3  e5  4. Nf3
 Nbd7  5. Bc4  Be7
 6. a4  O-O  7. O-O
 a5  8. h3  exd4 
9. Nxd4  Ne5  10. Bb3  c6
 11. f4  Ng6  12. Be3
 Re8  13. Qf3  Bf8
 14. Bf2  Nd7  15. Rae1
 Nc5  16. Ba2  Qf6
 17. f5  Ne5  18. Qh5
 Be7  19. Be3  b6
 20. Nxc6  Nxc6  21. Bg5
 Qd4+ 22. Be3  Qf6  23. Bg5
 1/2-1/2

[Event "TIPC 2016"]
[Site "Roux"]
[Date "2016.08.01"]
[Round "3.5"]
[White "Carlier, Bruno"]
[Black "De Villers, Mourad"]
[Result "1-0"]
[BlackElo "2136"]
[WhiteElo "2403"]
[LiveChessVersion "1.4.6"]

1. e4  c5  2. Nf3  g6
 3. c3  Bg7  4. d4
 cxd4  5. cxd4  d5
 6. e5  Nh6  7. h3
 O-O  8. Be2  Nc6
 9. Nc3  Be6  10. O-O
 f6  11. exf6  exf6
 12. Re1  Re8  13. Bf4
 Nf5  14. Nb5  Bh6
 15. Bh2  Re7  16. Bd3
 Ng7  17. Nc3  Qd7
 18. Bf1  Nf5  19. a3
 Rae8  20. Re2  Nd6
 21. b4  Bf7  22. Rxe7
 Rxe7  23. Bxd6  Qxd6
 24. Ra2  Bg7  25. Rc2
 h6  26. Na4  f5 
27. Nc5  g5  28. Bb5  Nd8
 29. Bd3  Qf6  30. Ne5
 Ne6  31. Ncd7  Rxd7
 32. Nxd7  Qd8  33. Ne5
 Nxd4  34. Nxf7  Kxf7
 35. Rc1  Qd6  36. Qh5+
 Kf6  37. Re1  Qd7
 38. Qe8  Qxe8  39. Rxe8
 Nc6  40. Kf1  Kf7
 41. Rc8  Be5  42. b5
 Na5  43. Ra8  Bd4
 44. Bxf5  Nc4  45. Rd8
 Nxa3  46. Rxd5  Bb6
 47. Rd7+  1-0

[Event "TIPC 2016"]
[Site "Roux"]
[Date "2016.08.01"]
[Round "3.6"]
[White "Le Quang, Kim"]
[Black "Schuermans, Robert"]
[Result "1/2-1/2"]
[BlackElo "2128"]
[WhiteElo "2264"]
[LiveChessVersion "1.4.6"]

1. c4  Nc6  2. Nc3  e5
 3. g3  Nf6  4. Bg2
 Bc5  5. e3  d5 
6. cxd5  Nb4  7. d4  exd4
 8. exd4  Be7  9. Nge2
 Nbxd5  10. Qb3  c6
 11. O-O  O-O  12. Nxd5
 Nxd5  13. Nc3  Nb6
 14. d5  cxd5  15. Nxd5
 Be6  16. Nxe7+  Qxe7
 17. Qe3  Rfe8  18. Re1
 Qd7  19. Qf4  Bxa2
 20. Rxe8+  Rxe8  21. Be3
 Be6  22. Qd4  Nd5
 23. Rxa7  Qb5  24. Qa4
 Qxa4  25. Rxa4  Nxe3
 26. fxe3  b6  1/2-1/2

[Event "TIPC 2016"]
[Site "Roux"]
[Date "2016.08.01"]
[Round "3.7"]
[White "Barbier, Wim"]
[Black "Hautot, Stéphane"]
[Result "0-1"]
[BlackElo "2402"]
[WhiteElo "2083"]
[LiveChessVersion "1.4.6"]

1. c4  c6  2. g3  d5
 3. Bg2  Nf6  4. Nf3
 Bf5  5. cxd5  cxd5
 6. Qb3  Nc6  7. O-O
 Qd7  8. d3  e5 
9. Bg5  Be7  10. Nc3  d4
 11. Bxf6  gxf6  12. Ne4
 Be6  13. Qc2  Rc8
 14. Rfc1  b6  15. Qa4
 O-O  16. b4  Kg7
 17. a3  Rc7  18. Ned2
 Rfc8  19. Rcb1  Nb8
 20. Qd1  Bd5  21. h4
 Qc6  22. Ne1  Bxg2
 23. Nxg2  Nd7  24. e3
 dxe3  25. Nxe3  Qe6
 26. Qf3  Kh8  27. Ne4
 Nb8  28. Nf5  Nc6
 29. Nxe7  Qxe7  30. Qxf6+
 Qxf6  31. Nxf6  Nd4
 32. Ra2  Kg7  33. Ng4
 Re7  34. f4  exf4
 35. gxf4  Ne2+  36. Kh1
 Nxf4  37. Rg1  f5
 38. Ne5+  Kf6  39. d4
 Rc3  40. Rg8  Rh3+
 41. Kg1  Rxh4  42. Rc2
 Ke6  43. Nc6  Rd7
 44. Re8+  Kd6  45. Rg8
 Rg4+  46. Rxg4  fxg4
 0-1

[Event "TIPC 2016"]
[Site "Roux"]
[Date "2016.08.01"]
[Round "3.8"]
[White "Thirion, Marcel"]
[Black "Van Mechelen, Jan"]
[Result "1/2-1/2"]
[BlackElo "2249"]
[WhiteElo "2125"]
[LiveChessVersion "1.4.6"]

1. d4  Nf6  2. c4  e6
 3. Nc3  Bb4  4. e3
 O-O  5. Nge2  d5
 6. a3  Be7  7. Nf4
 c6  8. Bd3  Nbd7
 9. O-O  b6  10. cxd5
 Nxd5  11. Ncxd5  cxd5
 12. Bd2  Bb7  13. Qa4
 a6  14. Rac1  h6
 15. Bb1  Re8  16. Nd3
 Bd6  17. Bb4  Bb8
 18. Qc2  a5  19. Bc3
 Bd6  20. f4  Nf6
 21. Nf2  Rc8  1/2-1/2

[Event "TIPC 2016"]
[Site "Roux"]
[Date "2016.08.01"]
[Round "3.9"]
[White "Naumkin, Igor"]
[Black "Van Uytven, Eric"]
[Result "1-0"]
[BlackElo "2074"]
[WhiteElo "2405"]
[LiveChessVersion "1.4.6"]

1. d4  Nf6  2. c4  e6
 3. Nf3  Bb4+  4. Nbd2
 d6  5. g3  O-O 
6. Bg2  Nc6  7. O-O  e5
 8. a3  Bxd2  9. Qxd2
 a5  10. d5  Ne7 
11. b3  Bd7  12. Bb2  b5
 13. Nh4  bxc4  14. bxc4
 Nf5  15. Nxf5  Bxf5
 16. f4  e4  17. h3
 h5  18. Qd4  Qe7
 19. a4  Rfe8  20. Ra3
 Qf8  21. Qd2  Nd7
 22. g4  hxg4  23. Rg3
 gxh3  24. Bxg7  Qxg7
 25. Rxg7+  Kxg7  26. Qc3+
 f6  27. Bxh3  Bxh3
 28. Qxh3  Re7  29. Kf2
 1-0

[Event "TIPC 2016"]
[Site "Roux"]
[Date "2016.08.01"]
[Round "3.10"]
[White "Capone, Nicola"]
[Black "Scoriels, Michaël"]
[Result "1-0"]
[BlackElo "2073"]
[WhiteElo "2397"]
[LiveChessVersion "1.4.6"]

1. d4  Nf6  2. c4  g6
 3. Nc3  Bg7  4. e4
 d6  5. Be2  O-O 
6. Be3  e5  7. d5  Na6
 8. g4  Nc5  9. f3
 a5  10. h4  h5 
11. g5  Ne8  12. Qd2  a4
 13. Nh3  Bd7  14. Nf2
 c6  15. dxc6  Bxc6
 16. Bxc5  dxc5  17. Qxd8
 Rxd8  18. Nd3  b6
 19. Nd5 1-0

[Event "TIPC 2016"]
[Site "Roux"]
[Date "2016.08.01"]
[Round "3.11"]
[White "Van Der Stricht, Geert"]
[Black "Philippe, Denis-Emmanuel"]
[Result "1-0"]
[BlackElo "2064"]
[WhiteElo "2368"]
[LiveChessVersion "1.4.6"]

1. d4 d5 2. c4 c6 3. Nf3 Nf6 4. Qc2 dxc4 5. e4 b5 6. b3 cxb3 7. axb3 e6 8. Bd2 a5
9. Bd3 Be7 10. O-O Bb7 11. Nc3 Na6 12. Ne2 Nb4 13. Bxb4 Bxb4 14. Nf4 h6 15. d5
exd5 16. e5 Ne4 17. Bxe4 dxe4 18. Qxe4 Qe7 19. Nh5 O-O 20. Qg4 g6 21. Nf6+ Kg7
22. Nd4 Kh8 23. Qf4 Kg7 24. Qg3 Kh8 25. Rad1 Rad8 26. Rd3 c5 27. Qf4 Kg7 28. Nf5+
1-0

[Event "TIPC 2016"]
[Site "Roux"]
[Date "2016.08.01"]
[Round "3.12"]
[White "Degembe, Pierre"]
[Black "Klinova, Masha"]
[Result "0-1"]
[BlackElo "2301"]
[WhiteElo "2063"]
[LiveChessVersion "1.4.6"]

1. c4 e5 2. g3 Nc6 3. Bg2 Nf6 4. Nc3 Bb4 5. Nd5 Bc5 6. d3 O-O 7. e3 Nxd5 8. cxd5
Ne7 9. Ne2 c6 10. Nc3 Nxd5 11. Nxd5 cxd5 12. Bxd5 Bxe3 13. Bxf7+ Rxf7 14. Bxe3 d5
15. d4 e4 16. h4 b6 17. Rc1 Ba6 18. Qg4 Qe8 19. Qd1 Rc8 20. Rxc8 Qxc8 21. Qa4 Rc7
22. Kd2 Bd3 23. Rg1 Rc2+ 24. Ke1 Re2+ 0-1

[Event "TIPC 2016"]
[Site "Roux"]
[Date "2016.08.01"]
[Round "3.13"]
[White "Thiry, Jean-Christophe"]
[Black "Faybish, Nimrod"]
[Result "0-1"]
[BlackElo "2203"]
[WhiteElo "2056"]
[LiveChessVersion "1.4.6"]

1. d4 Nf6 2. Nf3 g6 3. Bf4 Bg7 4. e3 O-O 5. h3 d6 6. Be2 b6 7. O-O Bb7 8. c3 Nbd7
9. Nbd2 Qe8 10. Bh2 e5 11. dxe5 dxe5 12. Qc2 Qe7 13. a4 a6 14. Rfd1 Kh8 15. Nc4
Ne4 16. Nfd2 Ndc5 17. b4 Nxd2 18. Nxd2 Ne6 19. Bf3 Bxf3 20. Nxf3 f6 21. Rd2 Rfd8
22. Rad1 Rxd2 23. Nxd2 a5 24. b5 Rd8 25. Nc4 Rd7 26. Bg3 Qd8 27. Rxd7 Qxd7 28. f3
Qd5 29. Nd2 Bh6 30. Bf2 Nc5 31. c4 Qd3 32. Qxd3 Nxd3 33. Ne4 f5 34. Nc3 Bf8 35.
Nd1 Nc5 36. Nc3 Nd3 37. e4 Nb2 38. c5 Bxc5 39. Bxc5 bxc5 40. Kf2 Kg7 41. Nd5 Nxa4
42. Nxc7 fxe4 43. fxe4 c4 44. Ke3 Nc5 45. Na6 Nd7 46. Kd2 Kf6 47. Kc3 Nb6 48. Nc7
Ke7 49. Nd5+ Nxd5+ 50. exd5 Kd6 51. b6 a4 52. Kxc4 a3 53. b7 Kc7 54. d6+ Kxb7 0-1

[Event "TIPC 2016"]
[Site "Roux"]
[Date "2016.08.01"]
[Round "3.14"]
[White "Boucquet, Emile"]
[Black "De Herdt, Yasseen"]
[Result "1-0"]
[BlackElo "2031"]
[WhiteElo "2179"]
[LiveChessVersion "1.4.6"]

1. e4 c5 2. Nf3 d6 3. d4 Nf6 4. dxc5 Nxe4 5. cxd6 Nc6 6. Be2 e6 7. Na3 Bxd6 8.
Nb5 Bc5 9. Qxd8+ Kxd8 10. O-O a6 11. Na3 b5 12. Nd2 Nxd2 13. Bxd2 Bb7 14. Rad1
Ke7 15. Bf3 Nd8 16. Be2 Bc6 17. b4 Bd6 18. c4 bxc4 19. Nxc4 Bb5 20. Rfe1 Bc7 21.
Be3 Nb7 22. Nb6 Bxb6 23. Bxb6 Rac8 24. Bf3 Bc6 25. Be2 Bb5 26. a4 Bxe2 27. Rxe2
Rc6 28. a5 Rd6 29. Rc1 Rd7 30. Rec2 e5 31. Kf1 Ra8 32. Rc6 f6 33. Rc7 Rad8 34. b5
axb5 35. a6 Rb8 36. a7 1-0

[Event "TIPC 2016"]
[Site "Roux"]
[Date "2016.08.01"]
[Round "3.15"]
[White "Bruno, Ricardo"]
[Black "Henris, Luc"]
[Result "1-0"]
[BlackElo "2170"]
[WhiteElo "2024"]
[LiveChessVersion "1.4.6"]

1. e4 e5 2. Nf3 d6 3. Bc4 Nf6 4. d3 Be7 5. a4 O-O 6. O-O c6 7. Ba2 Na6 8. c3 Nc7
9. Re1 b6 10. Nbd2 a6 11. Nf1 b5 12. Ng3 c5 13. h3 Bd7 14. a5 Rb8 15. d4 exd4 16.
cxd4 b4 17. e5 Nfe8 18. dxc5 dxc5 19. Ne4 Be6 20. Bxe6 Nxe6 21. Qe2 Rb5 22. Rd1
Qc7 23. Qc4 Rxa5 24. Be3 Rxa1 25. Rxa1 a5 26. Qb5 Nd4 27. Bxd4 cxd4 28. Nxd4 Bd8
29. Rd1 Qb6 30. Qd7 Qc7 31. Qd5 Be7 32. Nf5 g6 33. Nxe7+ Qxe7 34. Qxa5 f5 35. Qc5
Qe6 36. Ng5 Qb3 37. Rd7 Ng7 38. Qe7 1-0

[Event "TIPC 2016"]
[Site "Roux"]
[Date "2016.08.01"]
[Round "3.16"]
[White "Gilles, Jean-Claude"]
[Black "Lacroix, Bruno"]
[Result "1-0"]
[BlackElo "2169"]
[WhiteElo "1998"]
[LiveChessVersion "1.4.6"]

1. e4 d6 2. d4 Nf6 3. Nc3 g6 4. f4 Bg7 5. Nf3 O-O 6. Be3 Na6 7. Qd2 c5 8. Bxa6
cxd4 9. Bxd4 bxa6 10. O-O Bb7 11. Rfe1 Qd7 12. Rad1 Rfe8 13. Qf2 Qc7 14. e5 Ng4
15. Qg3 dxe5 16. fxe5 Nh6 17. e6 Qxg3 18. exf7+ Nxf7 19. hxg3 e5 20. Be3 Bc6 21.
Ng5 Nxg5 22. Bxg5 Rab8 23. b3 Rec8 24. Re3 h6 25. Be7 Rb7 26. Bd6 Rd7 27. Bb4 e4
28. Bc5 Rxd1+ 29. Nxd1 Bd5 30. b4 a5 31. c3 axb4 32. Bxb4 Kf7 33. Nf2 Rc4 34. Kh2
h5 35. Nh3 Bh6 36. Nf4 Bc6 37. Re1 Bb5 38. Nd5 {time} 1-0

[Event "TIPC 2016"]
[Site "Roux"]
[Date "2016.08.01"]
[Round "4.1"]
[White "Sumets, Andrey"]
[Black "Miezis, Normunds"]
[Result "1/2-1/2"]
[BlackElo "2498"]
[WhiteElo "2551"]
[LiveChessVersion "1.4.6"]

1. d4  Nf6  2. c4  e6
 3. Nf3  Bb4+  4. Nbd2
 d5  5. e3  O-O 
6. a3  Bxd2+  7. Bxd2  Ne4
 8. Bd3  b6  9. O-O
 Bb7  10. Qc2  Nd7
 11. b4  c5  12. bxc5
 bxc5  13. Rab1  Rb8
 14. cxd5  exd5  15. dxc5
 Ndxc5  16. Bb4  Rc8
 17. Nd4  Ba6  18. Bxa6
 Nxa6  19. Nc6  Nxb4
 20. axb4  Rxc6  21. Qxc6
 Nd2  22. Qb7  Nxf1
 23. Rxf1  1/2-1/2

[Event "TIPC 2016"]
[Site "Roux"]
[Date "2016.08.01"]
[Round "4.2"]
[White "Okhotnik, Vladimir"]
[Black "Carlier, Bruno"]
[Result "1/2-1/2"]
[BlackElo "2403"]
[WhiteElo "2454"]
[LiveChessVersion "1.4.6"]

1. e4  c5  2. c3  Qa5
 3. g3  Nc6  4. Bg2
 g6  5. Nf3  Bg7 
6. O-O  e5  7. d3  Nge7
 8. a3  d6  9. Be3
 O-O  10. b4  cxb4
 11. cxb4  Qd8  12. b5
 Nd4  13. Nxd4  exd4
 14. Bd2  a6  15. bxa6
 Rxa6  16. Bb4  Nc6
 17. Nd2  Nxb4  18. axb4
 Qb6  19. Nc4  Qxb4
 20. Rb1  Qc5  21. Qb3
 1/2-1/2

[Event "TIPC 2016"]
[Site "Roux"]
[Date "2016.08.01"]
[Round "4.3"]
[White "Hautot, Stéphane"]
[Black "Gurevich, Mikhail"]
[Result "0-1"]
[BlackElo "2561"]
[WhiteElo "2402"]
[LiveChessVersion "1.4.6"]

1. d4  f5  2. e4  fxe4
 3. Nc3  Nf6  4. Bg5
 c6  5. Qe2  d5 
6. O-O-O  Bf5  7. f3  Nbd7
 8. h3  Qa5  9. Kb1
 O-O-O  10. g4  Bg6
 11. Bg2  e5  12. fxe4
 dxe4  13. Nxe4  exd4
 14. Bd2  Qb6  15. Nf2
 Ba3  16. Bc1  Rhe8
 17. Qc4  Ne5  18. Qa4
 d3  19. Nxd3  Rxd3
 20. cxd3  Nxd3  21. Rxd3
 Bxd3+  22. Ka1  Qxb2+
 0-1

[Event "TIPC 2016"]
[Site "Roux"]
[Date "2016.08.01"]
[Round "4.4"]
[White "Fontaine, Quentin"]
[Black "Le Quang, Kim"]
[Result "1-0"]
[BlackElo "2264"]
[WhiteElo "2238"]
[LiveChessVersion "1.4.6"]

1. Nf3  d6  2. d4  g6
 3. e4  Bg7  4. c4
 Nf6  5. Nc3  O-O
 6. Be2  e5  7. O-O
 exd4  8. Nxd4  Re8
 9. f3  c6  10. Nc2
 Na6  11. Be3  Nc7
 12. Qd2  d5  13. exd5
 cxd5  14. c5  Bd7
 15. Rad1  Bc6  16. b4
 Qd7  17. Nd4  a6
 18. Rfe1  Re7  19. Bf2
 Rae8  20. Ra1  Ne6
 21. a4  Qc8  22. Rad1
 a5  23. b5  Bd7 
24. Nb3  d4  25. Nxd4  Nxc5
 26. Nc6  bxc6  27. Bxc5
 Re6  28. b6  Nd5
 29. Ne4  Qb8  30. Bc4
 f5  31. Ng5  Bc3
 32. Qxc3  Nxc3  33. Rxd7
 Nd5  34. Nxe6  Nxb6
 35. Nc7+  1-0

[Event "TIPC 2016"]
[Site "Roux"]
[Date "2016.08.01"]
[Round "4.5"]
[White "Naumkin, Igor"]
[Black "Sclacmender, Julien"]
[Result "1/2-1/2"]
[BlackElo "2201"]
[WhiteElo "2405"]
[LiveChessVersion "1.4.6"]

1. d4  Nf6  2. c4  g6
 3. Nc3  d5  4. cxd5
 Nxd5  5. e4  Nxc3
 6. bxc3  Bg7  7. Bc4
 c5  8. Ne2  Nc6 
9. Be3  O-O  10. O-O  Bg4
 11. f3  Bd7  12. Rb1
 Qc7  13. Bd3  Rad8
 14. Kh1  Bc8  15. d5
 Na5  16. c4  e5 
17. Qe1  b6  18. f4  f6
 19. Qg3  Nb7  20. f5
 gxf5  21. exf5  Qf7
 22. Qh4  Kh8  23. Ng3
 Bd7  24. Be2  Nd6
 25. Bh5  Qg8  26. Bg6
 Be8  27. Nh5  Nxc4
 28. Bc1  Rxd5  29. Nxg7
 Rd4  30. Qh3  Bxg6
 31. fxg6  Kxg7  32. Bh6+
 Kxg6  33. Rb3  Kf7
 34. Rg3  Qh8  35. Bxf8
 Qxf8  36. Qxh7+  Ke6
 37. Rg8  Qf7  38. Rg7
 Qf8  39. Rxa7  Nd6
 40. Qd7+  Kd5  41. h3
 Rd2  42. Rc7  Qg8
 43. Qc6+  Ke6  44. Qf3
 f5  45. Rf2  Qg5
 46. Rxd2  Qxd2  47. Qb3+
 c4  48. Qxb6  Qxa2
 49. Kh2  Qd2  50. Rxc4
 e4  51. Ra4  Qf4+
 52. Kh1  Qc1+  53. Qg1
 Qc2  54. Qa1  Qf2
 55. Ra2  Qg3  56. Ra3
 Qf4  57. Qc3  Qf1+
 58. Kh2  Qf4+  59. Qg3
 Qd2  60. Qg6+  Kd5
 61. Ra8  e3  62. Rd8
 Kc5  63. Qg5  Qd4
 64. Rd7  Qe5+  65. Qg3
 f4  66. Qf3  Ne4
 67. Rd1  Nd2  68. Rc1+
 Kd4  69. Qc6  f3+
 70. g3  Qd5  71. Qf6+
 Kd3  72. Qa6+  Kd4
 73. Qb6+  Kd3  74. Qa6+
 Kd4  75. Qb6+  Kd3
 76. Qa6+  Kd4  1/2-1/2

[Event "TIPC 2016"]
[Site "Roux"]
[Date "2016.08.01"]
[Round "4.6"]
[White "Decrop, Benjamin"]
[Black "Capone, Nicola"]
[Result "0-1"]
[BlackElo "2397"]
[WhiteElo "2098"]
[LiveChessVersion "1.4.6"]

1. e4  e6  2. d4  d5
 3. Nd2  Nc6  4. Ngf3
 Nf6  5. e5  Nd7 
6. c4  dxc4  7. Nxc4  Nb6
 8. Nxb6  axb6  9. Bc4
 Bb4+  10. Bd2  Be7
 11. Bc3  Nb4  12. O-O
 Nd5  13. Qe2  Bd7
 14. Nd2  Bc6  15. f4
 Qd7  16. Ne4  O-O-O
 17. a4  Kb8  18. Bb5
 f5  19. Nd2  g5 
20. fxg5  Bxg5  21. Bxc6  Qxc6
 22. Rf3  Rhg8  23. Nf1
 Nf4  24. Qb5  Qe4
 25. Ng3  Qc2  26. Qf1
 Nd5  27. Qd3  Qxd3
 28. Rxd3  Be3+  29. Kf1
 Rg4  30. Nh1  Rh4
 31. h3  Rg8  32. Re1
 Rf4+  33. Ke2  Rxg2+
 34. Kd1  Rf3  0-1

[Event "TIPC 2016"]
[Site "Roux"]
[Date "2016.08.01"]
[Round "4.7"]
[White "Van Der Stricht, Geert"]
[Black "Hoffmeister, Frank"]
[Result "1/2-1/2"]
[BlackElo "2165"]
[WhiteElo "2368"]
[LiveChessVersion "1.4.6"]

1. d4  d5  2. c4  c6
 3. Nf3  Nf6  4. Qc2
 dxc4  5. e4  b5 
6. b3  cxb3  7. axb3  e6
 8. Bd2  a5  9. Bd3
 Bb7  10. O-O  Be7
 11. Rc1  h6  12. Nc3
 b4  13. Na4  Nbd7
 14. Bf4  g5  15. Bg3
 Nh5  16. Ne5  Nxg3
 17. Nxd7  Qxd7  18. Nb6
 Qd8  19. Nxa8  Nh5
 20. d5  c5  21. d6
 Bxd6  22. Bb5+  Ke7
 23. Rd1  Qxa8  24. Rxd6
 Kxd6  25. Rd1+  Ke7
 26. Rd7+  Kf6  27. Qxc5
 Bxe4  28. Qe7+  Ke5
 29. Qd6+  Kf6  30. Qe7+
 Ke5  31. Qd6+  Kf6
 1/2-1/2

[Event "TIPC 2016"]
[Site "Roux"]
[Date "2016.08.01"]
[Round "4.8"]
[White "Klinova, Masha"]
[Black "Gijsen, Stief"]
[Result "1/2-1/2"]
[BlackElo "2144"]
[WhiteElo "2301"]
[LiveChessVersion "1.4.6"]

1. e4  e5  2. Nf3  Nc6
 3. Bc4  Nf6  4. d3
 Be7  5. Nbd2  O-O
 6. O-O  d6  7. Bb3
 Na5  8. Ba4  c5 
9. c3  Nc6  10. h3  Qc7
 11. Nc4  Be6  12. Ne3
 h6  13. Nh2  d5 
14. Nhg4  d4  15. Nf5  Bxf5
 16. exf5  dxc3  17. bxc3
 Rad8  18. Qe2  Nxg4
 19. Qxg4  Kh8  20. Be3
 Rxd3  21. Qe4  Rxc3
 22. Bd2  Ra3  23. Bc1
 Rxa4  24. Qxa4  Qd7
 25. Be3  b6  26. Rad1
 Qc7  27. Rd5  Rd8
 28. Rfd1  Nd4  29. Rxd8+
 Bxd8  30. Qe8+  Kh7
 31. Bxd4  exd4  32. Qb5
 Bf6  33. Qc4  Qd7
 34. a4  Qe7  35. Kf1
 Qd7  36. Kg1  Be5
 37. g4  Bb8  38. f6
 Qc7  39. Qd3+  g6
 40. Qf3  Qh2+  41. Kf1
 Be5  42. Ke2  Qf4
 43. Qxf4  Bxf4  44. Kd3
 g5  45. Re1  Kg6
 46. Re7  Kxf6  47. Rxa7
 Ke6  48. Kc4  Bd2
 49. Rb7  Ba5  50. Rb8
 Kf6  51. Rc8  Ke5
 52. Rf8  Kf6  53. f3
 Kg6  54. Rc8  f6
 55. Kd3  h5  56. Ke4
 hxg4  57. hxg4  Kf7
 58. Rb8  Ke6  59. Rc8
 Kd7  60. Rf8  Ke7
 61. Rh8  Kd6  62. Rh6
 Ke7  63. Rh7+  Ke6
 64. Rh8  Kd6  65. Rh7
 Ke6  66. Rh6  Ke5+ 1/2-1/2